[Event "FIDE World Rapid-ch Open 2018"]
[Site "St. Petersburg"]
[Date "2018.12.26"]
[Round "2.1"]
[White "Carlsen, Magnus"]
[Black "Vokhidov, Shamsiddin"]
[Result "0-1"]
[WhiteElo "2835"]
[BlackElo "2480"]
[Annotator "TA"]
[PlyCount "72"]
[EventDate "2018.??.??"]

1. e4 e5 2. Qh5 Nc6 3. Bc4 g6 4. Qf3 (4. Qd1 Bg7 5. d3 Nf6 6. Nc3 d6 7. f4 Be6
8. Bb5 O-O 9. Bxc6 bxc6 10. fxe5 Ng4 11. Nf3 Nxe5 {0-1 (38) Adhiban,B (2655)
-Cheparinov,I (2710) Riadh 2017}) 4... Qe7 5. Ne2 Nf6 $146 ({Predecessor:} 5...
Bg7 6. Nbc3 Nd8 7. Nd5 Qd6 8. Nec3 c6 9. Ne3 Ne6 10. a4 Nf6 11. d3 Nd4 {0-1 
(29) Grcic,M (1953)-Cotenescu,D (1991) Vellmar 2010}) 6. d3 {C20:1 e4 e5:
Unusual White second moves} Bg7 7. Nbc3 h6 8. Nd5 {White is slightly better.}
Nxd5 9. exd5 Na5 10. d6 cxd6 11. Bd5 $36 {White is pushing.} Nc6 12. Bd2 Qf6
13. Qe4 {White has compensation.} O-O 14. O-O Ne7 15. Nc3 Qf5 16. Qb4 Nxd5 (
16... Qf6 $14) 17. Nxd5 $16 Kh7 18. Nc7 ({Much worse is} 18. Qxd6 $6 b6 $14)
18... Rb8 19. Qxd6 b6 {[#]} (19... Rh8 $16 {was worth a try.}) 20. f3 $2 (20.
Ne8 $1 $18 Rxe8 21. Qxb8) 20... Bb7 $11 21. Rae1 Rfc8 22. Bc3 $2 {[#]} ({White
should play} 22. Nb5 $15) 22... Bf8 $1 $19 {[%csl Rc7][%cal Rf8d6]} 23. Nb5 $2
(23. Qxe5 Qxe5 24. Bxe5) 23... Bxd6 {Black is clearly winning.} 24. Nxd6 Qe6
25. Nxc8 Rxc8 26. Rxe5 Qd6 {Threatens to win with ... Rxc3!} 27. Rfe1 Bd5 28.
a4 Be6 29. a5 (29. h3 $142) 29... bxa5 30. Kf1 Rc5 31. Rxc5 Qxc5 32. Ra1 d5 33.
Rxa5 Qc7 {Hoping for ... d4.} 34. Ra4 Qxh2 35. Rxa7 Qh1+ 36. Kf2 {[#]} d4 $1 {
Precision: White = 31%, Black = 60%.} 0-1

[Event "FIDE World Rapid-ch Open 2018"]
[White "Ragger, Markus"]
[Black "Nakamura, Hikaru"]
[Site "St. Petersburg"]
[Round "2.2"]
[Annotator "TA"]
[Result "0-1"]
[Date "2018.12.26"]
[WhiteElo "2687"]
[BlackElo "2746"]
[PlyCount "64"]

1. e4 {} e5 2. Nf3 Nc6 3. Bc4 Bc5 4. c3 Nf6 5. d3 d6 6. 0-0 0-0 7. Re1 h6 {C54: Giuoco Piano: 4 c3 Nf6, main lines with 5
d4 and 5 d3} 8. Nbd2 {} a5 9. Nf1 Ba7 10. Ng3 Ne7 11. Bb3 Ng6 12. h3 {LiveBook: 5 Games} Re8 13. d4 {[#]} c6 $146 ({
Predecessor:} 13... b5 14. Be3 a4 15. Bc2 Be6 16. Qd2 {1-0 (47) Aronian,L 
(2767)-Caruana,F (2822) chess.com INT 2018} )14. Bc2 Be6 15. Be3 Qc7 16. a4 Rad8 17. Qd2 Bb8 18. Rad1 (18. Nf5 {with more complications.} Kh7 19. Nxg7 Kxg7 20. Bxh6+ Kg8 21. Bg5 )d5 19. exd5 $1 Bxd5 (19... exd4 {is more complex.} 20. Bxd4 Nxd5 21. Bxg7 Ndf4 22. Bd4 c5 )20. Bxg6 (20. Nxe5 $14 {was forced to
keep a grip.} Nxe5 21. dxe5 )Bxf3 $17 21. Bxf7+ Qxf7 22. gxf3 exd4 23. cxd4 (23. Bf4 $17 {was forced.} )Nd5 $19 24. Kg2 (24. f4 {is a better
defense.} )Rf8 {} 25. Qe2 $2 {[#]} (25. Kg1 )Rde8 26. Kh2 Qxf3 27. Qxf3 Rxf3 28. Kg2 $2 (28. Bd2 Rxf2+ 29. Kg1 Rxe1+ 30. Bxe1 Rxb2 31. Nf5 )Rexe3 { [#] Deflection. Black is
clearly winning.} 29. fxe3 Rxg3+ 30. Kf2 {and the idea e4 leaves White hopeful.
} Rxh3 31. e4 Bg3+ { Skewer} 32. Kg2 Nf4+ {Accuracy: White = 32%,
Black = 77%.} 0-1

[Event "FIDE World Rapid-ch Open 2018"]
[White "Artemiev, Vladislav"]
[Black "Vitiugov, Nikita"]
[Site "St. Petersburg"]
[Round "2.3"]
[Annotator "ChessBase"]
[Result "1-0"]
[Date "2018.12.26"]
[WhiteElo "2709"]
[BlackElo "2719"]
[PlyCount "115"]
[TimeControl "900+10"]

1. c4 {[%emt 0:0:2]} c6 {[%emt 0:0:10]} 2. e4 {[%emt 0:0:4]} d5 {[%emt 0:0:0]} 3. exd5 {[%emt 0:0:3]} cxd5 {[%emt 0:0:2]} 4. d4 {[%emt 0:0:1]} Nf6 {[%emt 0:0:4]} 5. Nc3 {[%emt 0:0:2]} g6 {[%emt 0:0:24]} 6. Qb3 {[%emt 0:0:2]
} Bg7 {[%emt 0:0:8]} 7. cxd5 {[%emt 0:0:3]} 0-0 {[%emt 0:0:0]} 8. Be2 {[%emt 0:0:5]} Nbd7 {[%emt 0:2:5]} 9. Bf3 {[%emt 0:0:13]} Nb6 {[%emt 0:0:8]} 10. Nge2 {[%emt 0:0:2]} a5 {[%emt 0:0:34]} 11. 0-0 {[%emt 0:2:17]
} a4 {[%emt 0:0:16]} 12. Qb5 {[%emt 0:0:1]} Bd7 {[%emt 0:0:0]} 13. Qb4 {[%emt 0:0:12]} Bg4 {[%emt 0:1:40]} 14. Bxg4 {[%emt 0:0:4]} Nxg4 {[%emt 0:0:3]} 15. Qb5 {[%emt 0:1:5]} Nf6 {[%emt 0:0:16]} 16. Nf4 {[%emt 0:0:10]
} Qd6 {[%emt 0:0:31]} 17. Re1 {[%emt 0:0:58]} Rfc8 {[%emt 0:0:0]} 18. a3 {[%emt 0:0:45]} Ra6 {[%emt 0:3:6]} 19. h3 {[%emt 0:1:19]} h6 {[%emt 0:0:27]
} 20. Be3 {[%emt 0:2:46]} g5 {[%emt 0:0:24]} 21. Nd3 {[%emt 0:0:0]} Nbxd5 {[%emt 0:0:26]} 22. Nc5 {[%emt 0:1:9]} Rb6 {[%emt 0:0:27]} 23. Qe2 {[%emt 0:0:1]} Nxc3 {[%emt 0:0:47]} 24. bxc3 {[%emt 0:0:2]} Nd5 {[%emt 0:0:6]
} 25. Nxa4 {[%emt 0:1:52]} Nxc3 {[%emt 0:0:52]} 26. Qg4 {[%emt 0:0:46]
} Rbc6 {[%emt 0:0:11]} 27. Nxc3 {[%emt 0:0:6]} Rxc3 {[%emt 0:0:0]} 28. h4 {[%emt 0:0:41]} gxh4 {[%emt 0:0:25]} 29. Rab1 {[%emt 0:0:41]} b6 {[%emt 0:0:35]} 30. Rb5 {[%emt 0:0:46]} Qg6 {[%emt 0:0:33]} 31. Qxh4 {[%emt 0:0:14]
} R8c7 {[%emt 0:1:43]} 32. d5 {[%emt 0:0:57]} Bf6 {[%emt 0:0:0]} 33. Qh3 {[%emt 0:1:47]} Bd4 {[%emt 0:0:19]} 34. d6 {[%emt 0:0:24]} Qxd6 {[%emt 0:0:4]} 35. Qg4+ {[%emt 0:0:10]} Bg7 {[%emt 0:0:6]} 36. Rxb6 {[%emt 0:0:12]
} R7c6 {[%emt 0:0:17]} 37. Bf4 {[%emt 0:0:29]} Qg6 {[%emt 0:0:0]} 38. Qxg6 {[%emt 0:0:6]} fxg6 {[%emt 0:0:5]} 39. Rxc6 {[%emt 0:0:15]} Rxc6 {[%emt 0:0:1]} 40. Rxe7 {[%emt 0:0:1]} Ra6 {[%emt 0:0:12]} 41. Bc1 {[%emt 0:0:2]
} Rc6 {[%emt 0:0:16]} 42. Bd2 {[%emt 0:0:1]} Rc2 {[%emt 0:0:0]} 43. Be3 {[%emt 0:0:3]} Ra2 {[%emt 0:0:13]} 44. Ra7 {[%emt 0:0:2]} Be5 {[%emt 0:0:12]} 45. g3 {[%emt 0:0:9]} h5 {[%emt 0:0:7]} 46. a4 {[%emt 0:0:0]} Bc3 {[%emt 0:0:3]} 47. Kg2 {[%emt 0:0:31]} Bb4 {[%emt 0:0:20]} 48. Kf3 {[%emt 0:0:1]} Be1 {[%emt 0:0:8]} 49. Bd4 {[%emt 0:0:4]} Bd2 {[%emt 0:0:5]
} 50. Bb6 {[%emt 0:0:21]} g5 {[%emt 0:0:3]} 51. a5 {[%emt 0:0:0]} h4 {[%emt 0:0:24]} 52. gxh4 {[%emt 0:0:28]} gxh4 {[%emt 0:0:1]} 53. Kg4 {[%emt 0:0:13]} Be1 {[%emt 0:0:6]} 54. a6 {[%emt 0:0:4]} Ra4+ {[%emt 0:0:16]
} 55. Kh3 {[%emt 0:0:6]} Bc3 {[%emt 0:0:17]} 56. Ra8+ {[%emt 0:0:15]
} Kf7 {[%emt 0:0:2]} 57. a7 {[%emt 0:0:1]} Ra3 {[%emt 0:0:0]} 58. Rf8+ {[%emt 0:0:30]} 1-0

[Event "FIDE World Rapid-ch Open 2018"]
[White "Amin, Bassem"]
[Black "Mamedyarov, Shakhriyar"]
[Site "St. Petersburg"]
[Round "2.4"]
[Annotator "TA"]
[Result "0-1"]
[Date "2018.12.26"]
[WhiteElo "2710"]
[BlackElo "2817"]
[PlyCount "92"]

1. e4 {} e5 2. Nf3 Nc6 3. Bc4 Bc5 4. 0-0 Nf6 5. d3 a6 6. c3 d6 7. Re1 {C54: Giuoco Piano: 4 c3 Nf6, main lines with 5 d4
and 5 d3} 0-0 (7... Ba7 8. a4 Ng4 9. Re2 Qf6 10. Nbd2 g5 11. Qe1 Rg8 12. Nf1 h5 13. Qd2 Be6 14. Bd5 Bxd5 15. exd5 {0-1 (29) Amin,B (2709)-Adhiban,B (2682)
Zagreb 2018} )8. h3 h6 9. Bb3 Re8 10. Nbd2 Be6 11. Nf1 d5 {LiveBook: 47 Games} 12. Ng3 Qd7 13. exd5 Bxd5 14. Bc2 Rad8 15. b4 {[#]} Ba7 $146 ({Predecessor:} 15... Bf8 16. a4 b5 17. Be3 Qc8 18. axb5 axb5 {1-0 (50) Annaberdiev,M (2496)
-Jumabayev,R (2602) Ashkhabad 2017} )16. a4 b5 17. Nh4 Bb6 18. Nhf5 Ne7 19. Nxe7+ (19. Nh4 {seems wilder.} Nc6 )Rxe7 20. a5 Ba7 21. Be3 Bxe3 22. Rxe3 Ba8 {And now ...Qc6 would win.} 23. Qe1 Qc6 {} 24. Ne4 (24. f3 $15 )Nd5 $1 $17 25. Rg3 f5 (25... Nf4 $1 $17 26. Qf1 Nd5 )26. Bb3 $1 $15 {[#]} Kh8 $1 27. Bxd5 $1 Rxd5 28. Nc5 Rd6 (28... f4 $15 29. Rg4 g5 )29. Qf1 Qe8 {[#]} (29... f4 $11 30. Rg4 g5 )30. Re1 ({White should try} 30. Re3 $1 $16 )f4 $11 31. Rg4 $36 { White has good play.} Rf6 32. f3 Rf5 {...h5 is the strong threat.} 33. h4 (33. Nxa6 $2 h5 $17 )h5 ({Black
should play} 33... Bc6 $14 )34. Rg5 $16 Rxg5 35. hxg5 Qg6 36. d4 Qxg5 37. Qe2 ({Don't play} 37. Nxa6 $6 e4 $11 )(37. dxe5 $16 {aiming for e6.} Rxe5 38. Rxe5 Qxe5 39. Nxa6 )h4 $11 {} 38. dxe5 h3 {White
must now prevent ...Rxe5!} 39. e6 Bd5 40. Qf2 g6 (40... Kg8 $11 )41. Re2 (41. Nxa6 $16 {Threatens to win with Nc5.} hxg2 42. Nc5 (42. Qxg2 Qf6 $14 ))Kg8 42. Kh2 $2 {} (42. Nxa6 $11 Qh5 43. g4 (43. Qc5 $2 hxg2 {
 Overworked Piece} 44. Rxg2 Rxe6 $19 )fxg3 44. Qxg3 )hxg2 $19 43. Qxg2 Qh5+ { Double Attack} 44. Kg1 Bxf3 { Double
Attack} 45. Nd7 Kg7 46. Qf2 Qh1# {Accuracy: White = 42%, Black = 54%.} 0-1

[Event "FIDE World Rapid-ch Open 2018"]
[White "Wang, Hao"]
[Black "Piorun, Kacper"]
[Site "St. Petersburg"]
[Round "2.5"]
[Annotator "TA"]
[Result "1-0"]
[Date "2018.12.26"]
[WhiteElo "2730"]
[BlackElo "2634"]
[PlyCount "103"]

1. e4 {} e5 2. Nf3 Nc6 3. Bb5 Nf6 4. d3 Bc5 5. c3 d5 (5... 0-0 6. 0-0 d5 7. Nbd2 dxe4 8. dxe4 a5 9. Bxc6 bxc6 10. Nxe5 Re8 11. Nb3 Qxd1 12. Rxd1 Bb6 13. Nc4 Nxe4 14. Nxb6 cxb6 {1/2-1/2 (43) Sethuraman,S (2673)
-Giri,A (2780) Douglas 2018} )6. exd5 {C65: Ruy Lopez: Berlin Defence (3...Nf6)
, unusual lines and 4 0-0 Bc5} Qxd5 7. Bc4 Qd6 8. 0-0 0-0 9. b4 Bb6 10. Nbd2 Bf5 {LiveBook: 8 Games} 11. Qe2 ({Better is} 11. Qc2 $1 $11 )a6 $146 (11... Nd5 $1 $15 12. Nb1 Rae8 )({Predecessor:} 11... Nd5 12. Bxd5 Qxd5 13. Ne4 {1/2-1/2 (55) Smirnov,A (2464)-Melkumyan,H (2653) Canberra 2016} )12. a4 (12. Ne4 $11 Nxe4 13. dxe4 )Rfe8 ({Black should try} 12... Nd5 $15 13. Nb1 Ba7 )13. Ng5 $14 Bg6 14. Nde4 Nxe4 15. Nxe4 Qd7 16. h4 h6 17. Bxh6 {Hoping for a5.
} Bxe4 $1 18. dxe4 gxh6 19. Rad1 Qe7 20. Qg4+ Kh8 {aiming for ...Rg8.} 21. Rd7 {[#]} Rg8 $2 {[#]} (21... f5 $1 $16 {was called for.} 22. Qxf5 (22. exf5 Qxd7 )Rf8 23. Rxe7 Rxf5 )22. Qh5 $1 $18 {} Qf6 23. Rxf7 Qg6 {} 24. Qf3 $1 Rgd8 25. Bd5 (25. a5 $18 {and White
stays clearly on top.} )Rd6 $16 26. g3 (26. a5 $16 Ba7 27. h5 )Re8 $2 (26... a5 $11 )27. Kg2 (27. a5 $18 Ba7 28. Kh2 )Nd8 {[#]} 28. a5 $1 $36 { White has strong initiative.} Rxd5 $2 (28... Ba7 $16 )29. Rf6 $18 {[#]} Qg7 $2 (29... Rd3 $1 {} )30. exd5 Ba7 31. Qf5 e4 32. Rg6 $2 (32. Rd1 )Re5 $2 (32... Qf8 33. Rf6 Qg7 )33. Rxg7 {
} ({Not} 33. Qf6 Qxf6 34. Rxf6 Rxd5 $16 )Rxf5 34. Rxc7 Rxd5 35. Re7 Kg8 36. Rxe4 Kf7 37. Rf4+ Ke7 38. Re1+ Ne6 (38... Kd7 $142 39. c4 Rd3 )39. Rfe4 Rd6 40. c4 {} b6 41. axb6 Rxb6 42. c5 Rc6 43. Ra1 Bb8 44. f4 {Threatens to win with f5.} Kf6 45. Kf3 Bc7 46. Ra3 a5 47. bxa5 Ra6 48. Rc4 h5 49. Ke4 Rxa5 (49... Bd8 $142 50. c6 Bc7 )50. Rxa5 Bxa5 51. Kd5 Be1 52. Re4 {Accuracy: White = 67%, Black = 33%.} 1-0

[Event "FIDE World Rapid-ch Open 2018"]
[White "Inarkiev, Ernesto"]
[Black "Karjakin, Sergey"]
[Site "St. Petersburg"]
[Round "2.6"]
[Annotator "TA"]
[Result "1/2-1/2"]
[Date "2018.12.26"]
[WhiteElo "2693"]
[BlackElo "2753"]
[PlyCount "63"]

1. d4 {} Nf6 2. c4 e6 3. Nf3 d5 4. Nc3 Be7 5. g3 0-0 6. Bg2 dxc4 7. Ne5 c5 8. dxc5 Qxd1+ 9. Nxd1 Bxc5 10. 0-0 Nc6 {E06: Closed Catalan: Early deviations} 11. Nxc4 (11. Bxc6 bxc6 12. Be3 Bb6 13. Nxc4 Ba6 14. Rc1 Nd5 15. Re1 Rfd8 16. b3 Rac8 17. Bd2 c5 18. Ndb2 {
1/2-1/2 (75) Malakhov,V (2693)-Leko,P (2709) Germany 2016} )Nd5 {
LiveBook: 10 Games} 12. Bd2 Bd7 13. Rc1 Rfc8 $146 ({Predecessor:} 13... Rac8 14. Nc3 Nxc3 15. Bxc3 Rfd8 16. Rfd1 Be8 17. a3 Rxd1+ 18. Rxd1 {1/2-1/2 (28)
Wojtkiewicz,A (2495)-Dutreeuw,M (2425) Debrecen 1992} )14. Re1 f6 15. Nc3 Nxc3 16. Bxc3 e5 17. Na5 Nxa5 18. Bxa5 Rab8 19. Bd5+ Kf8 {The position is equal.} 20. Rxc5 { [#] Remove Defender} Rxc5 21. Bb4 b6 22. Rc1 { Pin
} Rbc8 (22... Ke7 {seems wilder.} 23. Bxc5+ bxc5 24. b3 Kd6 25. Rd1 Ke7 )23. Bxc5+ Rxc5 24. Rxc5 bxc5 $11 { Endgame KB-KB} 25. Kf1 Ke7 26. Ke1 Kd6 27. Bg8 h6 28. Kd2 Bb5 29. e3 a5 30. f4 exf4 31. exf4 Bc6 32. Bc4 {
Accuracy: White = 35%, Black = 50%.} 1/2-1/2

[Event "FIDE World Rapid-ch Open 2018"]
[White "Nepomniachtchi, Ian"]
[Black "Rakhmanov, Aleksandr"]
[Site "St. Petersburg"]
[Round "2.7"]
[Annotator "TA"]
[Result "1-0"]
[Date "2018.12.26"]
[WhiteElo "2763"]
[BlackElo "2629"]
[PlyCount "91"]

1. c4 {} e6 2. Nf3 d5 3. e3 g6 (3... Nf6 4. Nc3 dxc4 5. Bxc4 a6 6. a4 c5 7. d4 Nc6 8. 0-0 Be7 9. Ne5 Bd7 10. Nxd7 Qxd7 11. dxc5 Qxd1 12. Rxd1 Bxc5 13. Kf1 Ke7 14. Ke2 Rac8 15. Bd2 Bd6 16. Be1 Rc7 17. h3 {1/2-1/2 (55) Mamedyarov,S (2801)-Dominguez Perez,L (2739) Saint Louis
2018} )4. Nc3 Bg7 5. b3 b6 $146 ({Predecessor:} 5... Ne7 6. Ba3 Nbc6 7. d4 0-0 8. Rc1 Re8 9. Be2 Nf5 10. 0-0 Nce7 {1-0 (34) Danielian,E (2413)-Cramling,P 
(2450) Riadh 2017} )6. Bb2 {A13: English Opening: 1...e6} Bb7 7. Qc2 {Hoping
for cxd5.} dxc4 8. Bxc4 {White has an edge.} Nd7 9. d4 Ne7 10. e4 a6 11. a4 ({
White should try} 11. d5 $14 exd5 12. Nxd5 Bxb2 13. Qxb2 )0-0 12. Rd1 Qc8 13. 0-0 c6 14. Rfe1 b5 15. Bf1 Re8 16. h4 b4 17. Na2 c5 18. dxc5 Qxc5 19. Qb1 Rad8 20. Bxg7 Kxg7 21. Qb2+ Kg8 $1 22. Rc1 Qa5 {[#]} (22... Qb6 $1 $11 {
remains equal.} )23. Rc4 $1 $16 Nb6 (23... Nc6 $142 )24. Rc2 (24. Rc7 $16 Rd7 25. Rc2 )Nd7 $1 $11 25. Qc1 Rc8 26. Rxc8 Rxc8 27. Qd2 Nc5 $1 28. Qh6 {
White threatens Ng5 and mate.} Nd7 29. Qd2 Nc5 $1 30. Qh6 {Threatening mate
with Ng5.} Nd7 31. Nc1 Qd8 32. Nd3 a5 (32... Nc6 $11 {keeps the balance.} )33. h5 $40 { White has some attack.} (33. Nde5 $16 Nxe5 34. Nxe5 )Nf6 34. hxg6 hxg6 $2 { [#]} (34... Nxg6 $11 35. Nde5 Nxe5 36. Nxe5 Bxe4 )35. Ng5 $1 $18 Qf8 36. Qh4 Nc6 37. e5 {White is clearly winning.} Nh5 38. g4 Nd4 39. gxh5 Qh6 {next ...Qxg5+ is good for Black.} 40. Bg2 Bxg2 41. Kxg2 Nf5 42. Qf4 Rd8 43. Nc5 Rd4 44. Nce4 gxh5 45. Kh2 Kf8 46. Qc1 {Accuracy: White
= 58%, Black = 38%.} 1-0

[Event "FIDE World Rapid-ch Open 2018"]
[White "Sakaev, Konstantin"]
[Black "Harikrishna, Pentala"]
[Site "St. Petersburg"]
[Round "2.8"]
[Annotator "TA"]
[Result "0-1"]
[Date "2018.12.26"]
[WhiteElo "2584"]
[BlackElo "2725"]
[PlyCount "90"]

1. d4 {} Nf6 2. c4 e6 3. Nf3 d5 4. Nc3 Bb4 5. e3 0-0 6. Bd2 b6 7. cxd5 exd5 8. Rc1 {
LiveBook: 30 Games. E51: Nimzo-Indian: Rubinstein: 4...0-0 5 Nf3 d5} Bg4 (8... Be7 9. Bd3 Bb7 10. 0-0 c5 11. dxc5 bxc5 12. Re1 Nc6 13. Bb1 Re8 14. e4 dxe4 15. Nxe4 Nd4 {1/2-1/2 (54) Vitiugov,N (2730)-Inarkiev,E (2690) Satka 2018} )9. Be2 c6 10. h3 $146 {White is slightly better.} ({Predecessor:} 10. 0-0 Nbd7 11. Na4 Bxd2 12. Qxd2 Ne4 13. Qd1 Rc8 14. Nc3 Ndf6 15. Ne5 Bxe2 16. Qxe2 {1/2-1/2 (25)
Balogh,T (2300)-Gorusa,M Sala 1995} )Bxf3 11. Bxf3 a5 12. 0-0 Re8 13. a3 Bxc3 14. Rxc3 a4 15. Rc2 Re6 16. Bb4 Nbd7 17. Qd3 Qb8 18. Rfc1 Qb7 19. Re1 h6 20. Bd1 b5 21. Rce2 Nb6 22. f3 Nc4 23. Bc3 Nd6 24. Bc2 {e4 is the strong
threat.} Rae8 $1 25. Bb4 Qc7 26. Bb1 g6 27. Bd2 (27. e4 $11 Nc4 28. Ba2 )Nc4 $15 28. Bc1 (28. e4 $1 $15 )Qg3 (28... Nh5 $1 $17 29. Rf2 Ng3 )29. e4 dxe4 30. fxe4 {[#]} Nxe4 $1 {} 31. Bxh6 (31. Qxg3 $15 Nxg3 32. Rxe6 Rxe6 33. Rxe6 fxe6 34. Kf2 )(31. Rxe4 Qxe1+ )Qh4 $1 $36 {
Strongly threatening ...Nf2. Black is in control.} 32. Bc1 $2 {[#]} (32. Rxe4 Rxe4 33. Rxe4 Rxe4 34. Qxe4 Qxh6 35. Qe1 )Nc5 $2 (32... Nf2 $1 $19 {
 and Black stays clearly on top.} 33. Qf3 (33. Rxf2 Rxe1+ )Nxh3+ $1 {} 34. gxh3 Qxe1+ 35. Rxe1 Rxe1+ 36. Kf2 Rxc1 37. Qxc6 Re6 38. Qxb5 Rb6 39. Qe8+ Kg7 )33. dxc5 $17 Qxe1+ 34. Rxe1 Rxe1+ 35. Kh2 {
Threatens to win with Bh6.} Rxc1 36. Qd7 Kf8 37. Ba2 $2 (37. Bxg6 $17 fxg6 38. Qxc6 )Ne5 $19 38. Qd6+ Kg7 39. b4 (39. Qd2 $142 Ra1 40. Qc2 )axb3 40. Bxb3 Rc3 41. Qd1 Rd3 42. Qc2 Red8 43. a4 bxa4 ({Better is} 43... b4 $19 {
Hoping for ...f6.} 44. a5 {[#]} Nf3+ $1 {} 45. Kh1 Rc3 )44. Bxa4 $17 R8d4 45. Bb3 $2 {[#]} (45. Qb2 $17 )Nf3+ $1 { Precision: White
= 23%, Black = 51%.} 0-1

[Event "FIDE World Rapid-ch Open 2018"]
[White "Frolyanov, Dmitry"]
[Black "Kamsky, Gata"]
[Site "St. Petersburg"]
[Round "2.9"]
[Annotator "ChessBase"]
[Result "0-1"]
[Date "2018.12.26"]
[WhiteElo "2517"]
[BlackElo "2666"]
[PlyCount "76"]
[TimeControl "900+10"]

1. e4 {[%emt 0:0:0]} c5 {[%emt 0:0:1]} 2. Nf3 {[%emt 0:0:0]} e6 {[%emt 0:0:0]} 3. d4 {[%emt 0:0:0]} cxd4 {[%emt 0:0:2]} 4. Nxd4 {[%emt 0:0:0]} a6 {[%emt 0:0:2]} 5. Bd3 {[%emt 0:0:1]} g6 {[%emt 0:0:35]} 6. 0-0 {[%emt 0:0:45]
} Bg7 {[%emt 0:0:4]} 7. Nb3 {[%emt 0:0:25]} Ne7 {[%emt 0:0:0]} 8. c4 {[%emt 0:0:13]} 0-0 {[%emt 0:0:11]} 9. Nc3 {[%emt 0:0:3]} Nbc6 {[%emt 0:0:6]
} 10. Bg5 {[%emt 0:0:39]} h6 {[%emt 0:1:54]} 11. Bf4 {[%emt 0:0:0]} Ne5 {[%emt 0:1:51]} 12. Be2 {[%emt 0:0:9]} g5 {[%emt 0:0:4]} 13. Be3 {[%emt 0:1:7]} b6 {[%emt 0:2:36]} 14. Qd2 {[%emt 0:2:41]} N7g6 {[%emt 0:1:16]
} 15. Rad1 {[%emt 0:2:25]} Bb7 {[%emt 0:0:36]} 16. Na4 {[%emt 0:2:4]
} b5 {[%emt 0:1:24]} 17. cxb5 {[%emt 0:0:11]} axb5 {[%emt 0:0:0]} 18. Nac5 {[%emt 0:1:2]} Bc6 {[%emt 0:0:11]} 19. Nd4 {[%emt 0:0:3]} Qa5 {[%emt 0:2:0]} 20. Nxc6 {[%emt 0:0:39]} dxc6 {[%emt 0:0:3]} 21. a3 {[%emt 0:1:43]
} Nc4 {[%emt 0:0:41]} 22. Bxc4 {[%emt 0:0:37]} bxc4 {[%emt 0:0:0]} 23. Qc2 {[%emt 0:0:30]} c3 {[%emt 0:0:4]} 24. bxc3 {[%emt 0:0:21]} Qxa3 {[%emt 0:0:24]} 25. Nd3 {[%emt 0:1:28]} Qa4 {[%emt 0:0:9]} 26. Qxa4 {[%emt 0:0:40]
} Rxa4 {[%emt 0:0:2]} 27. Bc5 {[%emt 0:0:22]} Rfa8 {[%emt 0:0:0]} 28. Bb4 {[%emt 0:0:2]} Ra2 {[%emt 0:0:9]} 29. Nc5 {[%emt 0:1:9]} Rc2 {[%emt 0:0:7]} 30. Rd6 {[%emt 0:0:11]} Bxc3 {[%emt 0:0:36]} 31. Bxc3 {[%emt 0:0:3]
} Rxc3 {[%emt 0:0:2]} 32. Rxc6 {[%emt 0:0:19]} Ne5 {[%emt 0:0:0]} 33. Ra6 {[%emt 0:0:17]} Rb8 {[%emt 0:1:0]} 34. Na4 {[%emt 0:0:14]} Rc4 {[%emt 0:0:8]} 35. f3 {[%emt 0:0:7]} Rbb4 {[%emt 0:0:10]} 36. Ra1 {[%emt 0:0:4]
} Kg7 {[%emt 0:0:22]} 37. h3 {[%emt 0:0:13]} Nd3 {[%emt 0:0:0]} 38. Rd6 {[%emt 0:0:11]} Nf4 {[%emt 0:0:3]} 0-1

[Event "FIDE World Rapid-ch Open 2018"]
[White "Svidler, Peter"]
[Black "Lintchevski, Daniil"]
[Site "St. Petersburg"]
[Round "2.10"]
[Annotator "ChessBase"]
[Result "1-0"]
[Date "2018.12.26"]
[WhiteElo "2737"]
[BlackElo "2516"]
[PlyCount "87"]
[TimeControl "900+10"]

1. e4 {[%emt 0:0:0]} c5 {[%emt 0:0:0]} 2. Nf3 {[%emt 0:0:0]} e6 {[%emt 0:0:0]} 3. d4 {[%emt 0:0:0]} cxd4 {[%emt 0:0:0]} 4. Nxd4 {[%emt 0:0:0]} Nf6 {[%emt 0:0:4]} 5. Nc3 {[%emt 0:0:1]} Nc6 {[%emt 0:0:2]} 6. a3 {[%emt 0:1:4]
} d6 {[%emt 0:0:29]} 7. Be3 {[%emt 0:0:46]} Be7 {[%emt 0:0:13]
} 8. Qe2 {[%emt 0:0:20]} a6 {[%emt 0:1:31]} 9. 0-0-0 {[%emt 0:0:11]} Qc7 {[%emt 0:0:3]
} 10. g4 {[%emt 0:0:37]} Nxd4 {[%emt 0:1:17]} 11. Rxd4 {[%emt 0:0:12]
} b5 {[%emt 0:0:22]} 12. g5 {[%emt 0:0:7]} Nd7 {[%emt 0:0:8]
} 13. f4 {[%emt 0:0:24]} Bb7 {[%emt 0:0:25]} 14. Rg1 {[%emt 0:0:24]} Nb6 {[%emt 0:1:18]
} 15. Qf2 {[%emt 0:2:13]} d5 {[%emt 0:2:41]} 16. Rd1 {[%emt 0:0:0]} Nc4 {[%emt 0:1:53]} 17. Bxc4 {[%emt 0:0:9]} Qxc4 {[%emt 0:0:7]} 18. Bd4 {[%emt 0:0:35]} 0-0-0 {[%emt 0:0:56]} 19. Bxg7 {[%emt 0:1:1]} Rhg8 {[%emt 0:0:17]} 20. Be5 {[%emt 0:0:9]} Bc5 {[%emt 0:0:26]} 21. Bd4 {[%emt 0:0:2]
} Be7 {[%emt 0:0:1]} 22. e5 {[%emt 0:1:28]} Kb8 {[%emt 0:0:0]} 23. Kb1 {[%emt 0:0:9]} Rc8 {[%emt 0:0:5]} 24. Rg3 {[%emt 0:0:10]} Qc6 {[%emt 0:1:10]} 25. Qe2 {[%emt 0:0:34]} Qe8 {[%emt 0:0:53]} 26. h4 {[%emt 0:0:0]} h6 {[%emt 0:0:23]} 27. Rdg1 {[%emt 0:0:33]} Rh8 {[%emt 0:0:20]} 28. g6 {[%emt 0:0:32]} Bxh4 {[%emt 0:0:45]} 29. g7 {[%emt 0:0:24]} Rg8 {[%emt 0:0:0]} 30. Rh3 {[%emt 0:0:2]} Be7 {[%emt 0:0:2]} 31. Rxh6 {[%emt 0:0:3]} Rc4 {[%emt 0:0:17]} 32. Qf2 {[%emt 0:0:50]} Qc8 {[%emt 0:0:10]} 33. Rg3 {[%emt 0:1:0]
} b4 {[%emt 0:1:26]} 34. axb4 {[%emt 0:0:2]} Rxb4 {[%emt 0:0:0]} 35. f5 {[%emt 0:0:47]} exf5 {[%emt 0:0:22]} 36. e6 {[%emt 0:0:3]} f6 {[%emt 0:0:17]
} 37. Bxf6 {[%emt 0:0:49]} Bc5 {[%emt 0:1:15]} 38. Qxf5 {[%emt 0:0:24]
} d4 {[%emt 0:0:3]} 39. Rh8 {[%emt 0:0:32]} dxc3 {[%emt 0:0:0]} 40. Rxc3 {[%emt 0:0:10]} Re4 {[%emt 0:0:22]} 41. Rxc5 {[%emt 0:0:25]} Qe8 {[%emt 0:0:2]} 42. Rxg8 {[%emt 0:0:16]} Qxg8 {[%emt 0:0:2]} 43. Be5+ {[%emt 0:0:2]
} Ka7 {[%emt 0:0:3]} 44. Qf2 {[%emt 0:0:7]} 1-0

[Event "FIDE World Rapid-ch Open 2018"]
[White "Korobov, Anton"]
[Black "Postny, Evgeny"]
[Site "St. Petersburg"]
[Round "2.11"]
[Annotator "ChessBase"]
[Result "1/2-1/2"]
[Date "2018.12.26"]
[WhiteElo "2698"]
[BlackElo "2615"]
[PlyCount "65"]
[TimeControl "900+10"]

1. d4 d5 2. c4 c6 3. Nf3 Nf6 4. Nc3 a6 5. c5 Bf5 6. Bf4 Nbd7 7. e3 Nh5 8. Be5 f6 9. Bg3 e5 10. Be2 Nxg3 11. hxg3 Be6 12. b4 e4 13. Nd2 g6 14. a4 Bg7 15. b5 axb5 16. axb5 0-0 17. 0-0 f5 18. Qb3 h5 19. Rxa8 Qxa8 20. Qb2 Qd8 21. bxc6 bxc6 22. Qb7 Qa8 23. Rb1 Qxb7 24. Rxb7 Rc8 25. Nb3 Bf6 26. Kf1 Bd8 27. Ke1 Rb8 28. Rxb8 Nxb8 29. Na2 Kf8 30. Kd2 Bc8 31. Nb4 Ke7 32. Kc3 Kd7 33. Nd2 1/2-1/2